00553nam a2200169Ia 4500003000400000008004100004040001600045082002000061100002200081245009900103260005100202300001100253490000500264650004400269650001500313650005500328GCL140319s9999 xx 000 0 ara d aGCL / cGCL04a001.6424bا ا1 aانيس حبلى10aاتارى للهواة رحلة فى البرمجة بلغة باسيك / cانيس حبلى a[S.N] : bدار الراتب الجامعية a217 ص a04aالحاسبات الالكترونية04aباسيك04aبرامج الحاسبات الالكترونية